Pracovné listy a prípadové štúdie z občianskeho práva hmotného

Bibliographic Details
Main Authors: Jurčová, Monika, 1970- (Author), Novotná, Marianna, 1978- (Author)
Format: Book
Language:Slovak
PhysicalDescription:197 s. 23 cm
Published: Plzeň Vydavatelství a nakladatelství Aleš Čeněk 2009
ISBN:9788073802158
Series:Právnické učebnice
Subjects:

MARC

LEADER 00000nam a2200000 a 4500
001 vtls010026144
003 SK-MaSNL
005 20260301083346.0
008 240318s2009 xr nv 000 0 slo
015 |a SNBZSA2011-00458 
020 |a 9788073802158  |q (brož.) 
035 |a 2D50EDFC-BF2C-4329-A79B-CF903D131E9E 
035 |a urn:nbn:sk:snk-amjfhk 
035 |a urn:nbn:sk:snk-am001x1o 
040 |a SNK  |b slo  |c SNK  |e AACR2 
041 0 |a slo 
043 |a e-xo--- 
044 |a xr  |c CZ 
072 7 |a 347  |x Súkromné právo  |2 konspekt 
080 |a 347  |x (437.6)  |x (075.8)  |x (076.1)  |2 2001 
100 1 |a Jurčová, Monika,  |d 1970-  |4 aut  |9 222400 
245 1 0 |a Pracovné listy a prípadové štúdie z občianskeho práva hmotného  |c Monika Jurčová, Marianna Novotná a kolektiv 
260 |a Plzeň  |b Vydavatelství a nakladatelství Aleš Čeněk  |c 2009 
300 |a 197 s.  |c 23 cm 
490 1 |a Právnické učebnice 
504 |a Bibliogr. 
650 0 7 |a občianske právo hmotné  |2 snkph  |9 69332 
650 0 7 |a Substantive civil law  |2 snkpheng  |9 353763 
655 7 |a učebnice vysokých škôl  |2 snkph  |9 70191 
655 7 |a pracovné listy  |2 snkph  |9 70565 
655 7 |a prípadové štúdie  |2 snkph  |9 70498 
700 1 |a Novotná, Marianna,  |d 1978-  |4 aut  |9 212929 
830 0 |a Právnické učebnice  |9 311450 
919 |a 978-80-7380-215-8 
958 |a ZS 
958 |a NB 
999 |c 660341  |d 662271 
952 |a SNK  |b SNK  |y VYP  |7 0  |p 17A0665410  |o snkSC 140846 D1  |i snk2010/14826  |8 2  |g 7.87  |0 0  |1 0  |4 0  |d 2010-05-06  |l 0  |r 2026-02-23 18:51:40  |w 2026-02-23 
952 |a SNK  |b SNK  |y PREZ  |7 0  |p 17A0663626  |o snkSC 140846  |i snk2010/12845  |8 4  |g 7.87  |0 0  |1 0  |4 0  |d 2009-11-30  |f 1  |l 0  |r 2025-07-09 00:00:00  |w 2026-02-23